UK economic brief (Record no. 105923)
[ view plain ]
| 000 -LEADER | |
|---|---|
| fixed length control field | 01316cam a2200229 4500 |
| 001 - CONTROL NUMBER | |
| control field | ##L135126 |
| 008 - FIXED-LENGTH DATA ELEMENTS--GENERAL INFORMATION | |
| fixed length control field | 060926n2006 000 0 eng u |
| 035 ## - SYSTEM CONTROL NUMBER | |
| System control number | (Sirsi) u135126 |
| 041 0# - LANGUAGE CODE | |
| Language code of text/sound track or separate title | eng |
| 050 04 - LIBRARY OF CONGRESS CALL NUMBER | |
| Classification number | 333.33 $2 18 |
| 110 2# - MAIN ENTRY--CORPORATE NAME | |
| Corporate name or jurisdiction name as entry element | Royal Institution of Chartered Surveyors |
| Subordinate unit | Public Affairs |
| 9 (RLIN) | 4679 |
| 245 00 - TITLE STATEMENT | |
| Title | UK economic brief |
| Remainder of title | September 2006 |
| 260 ## - PUBLICATION, DISTRIBUTION, ETC. | |
| Place of publication, distribution, etc. | London |
| Name of publisher, distributor, etc. | RICS |
| Date of publication, distribution, etc. | 2006 |
| 490 #0 - SERIES STATEMENT | |
| Series statement | RICS UK Economic Brief |
| Volume/sequential designation | September 2006 |
| 520 ## - SUMMARY, ETC. | |
| Summary, etc. | Reports that the UK economy is growing solidly, with consumer spending continuing to rise. In the commercial property market, occupier demand grew slightly, supporting rental growth, with rent rises roughly in line with consumer price inflation. The construction industry also continued to grow, with the outlook staying bright. In the residential sector, house price growth accelerated for the fifth consecutive month, reaching its fastest pace since May 2004. Buyer enquiries rose for the fifteenth month in a row in August, up at the fastest pace since September 2003. Graphs. |
| 590 ## - LOCAL NOTE (RLIN) | |
| Local note | IKA031006 |
| 650 24 - SUBJECT ADDED ENTRY--TOPICAL TERM | |
| Topical term or geographic name entry element | RICS UK ECONOMIC BRIEF |
| 651 #4 - SUBJECT ADDED ENTRY--GEOGRAPHIC NAME | |
| Geographic name | United Kingdom |
| Chronological subdivision | |
| 690 ## - LOCAL SUBJECT ADDED ENTRY--TOPICAL TERM (OCLC, RLIN) | |
| Topical term or geographic name as entry element | PROPERTY-PROPERTY MARKET |
| 856 40 - ELECTRONIC LOCATION AND ACCESS | |
| Uniform Resource Identifier | <a href="https://www.rics.org/Global/Downloads/UKEconomicBrief200610.pdf">https://www.rics.org/Global/Downloads/UKEconomicBrief200610.pdf</a> |
| Public note | View the report free of charge at www.rics.org... |
| 942 ## - ADDED ENTRY ELEMENTS (KOHA) | |
| Suppress in OPAC | 0 |
| Withdrawn status | Lost status | Source of classification or shelving scheme | Damaged status | Not for loan | Home library | Current library | Shelving location | Date acquired | Total Checkouts | Full call number | Barcode | Date last seen | Copy number | Price effective from | Koha item type |
|---|---|---|---|---|---|---|---|---|---|---|---|---|---|---|---|
| Dewey Decimal Classification | Virtual | Virtual | Online | 26/09/2006 | ONLINE PUBLICATION | 135126-1001 | 06/08/2019 | 1 | 06/08/2019 | Book |